A book of English essays / (Record no. 22445)
[ view plain ]
| 000 -LEADER | |
|---|---|
| fixed length control field | 00815nam a22002652a 4500 |
| 001 - CONTROL NUMBER | |
| control field | 22445 |
| 003 - CONTROL NUMBER IDENTIFIER | |
| rucl marc code | BD-RJUL |
| 005 - DATE AND TIME OF LATEST TRANSACTION | |
| control field | 20211209000816.0 |
| 008 - FIXED-LENGTH DATA ELEMENTS--GENERAL INFORMATION | |
| fixed length control field | 140308s19541942xx 000 0 eng d |
| 035 ## - SYSTEM CONTROL NUMBER | |
| System control number | (BD-RJUL)22510 |
| 040 ## - CATALOGING SOURCE | |
| Original cataloging agency | KSU |
| Transcribing agency | KSU |
| Modifying agency | EQO |
| Language of cataloging | eng |
| 041 ## - LANGUAGE CODE | |
| Language code of text/sound track or separate title | eng |
| 082 ## - DEWEY DECIMAL CLASSIFICATION NUMBER | |
| Classification number | 824.08 |
| Author mark and year | BOO 1954 |
| 090 ## - LOCALLY ASSIGNED LC-TYPE CALL NUMBER (OCLC); LOCAL CALL NUMBER (OCLC) | |
| Classification number (OCLC) (R) ; Classification number, CALL (RLIN) (NR) | PR922 |
| Local cutter number (OCLC) ; Book number/undivided call number, CALL (RLIN) | .W54 1951 |
| 100 1# - MAIN ENTRY--PERSONAL NAME | |
| Personal name | Williams, W. E. |
| Fuller form of name | (William Emrys), |
| Dates associated with a name | 1896-1977 |
| 9 (RLIN) | 69320 |
| 245 12 - TITLE STATEMENT | |
| Title | A book of English essays / |
| Statement of responsibility, etc. | selected by W. E. Williams |
| 250 ## - EDITION STATEMENT | |
| Edition statement | New & enl. ed |
| 260 ## - PUBLICATION, DISTRIBUTION, ETC. (IMPRINT) | |
| Place of publication, distribution, etc. | Harmondsworth, Middlesex, Eng ; |
| -- | New York : |
| Name of publisher, distributor, etc. | Penguin books limited, |
| Date of publication, distribution, etc. | C1942[reprinting1954] |
| 300 ## - PHYSICAL DESCRIPTION | |
| Pagination | 378 p. : |
| Illustrations | illus. ; |
| Size | 18 cm. |
| 490 1# - SERIES STATEMENT | |
| Series statement | Pelican books |
| 500 ## - GENERAL NOTE | |
| General note | "First published 1942." |
| 650 #0 - SUBJECT ADDED ENTRY--TOPICAL TERM | |
| Topical term or geographic name as entry element | English essays |
| 9 (RLIN) | 69321 |
| 830 #0 - SERIES ADDED ENTRY--UNIFORM TITLE | |
| Uniform title | Pelican books |
| 942 ## - ADDED ENTRY ELEMENTS (KOHA) | |
| Source of classification or shelving scheme | Dewey Decimal Classification |
| Koha item type | Books |
| Lost status | Source of classification or shelving scheme | Damaged status | Not for loan | Collection code | Permanent Location | Current Location | Shelving location | Date acquired | Source of acquisition | Cost, normal purchase price | Total Checkouts | Full call number | Date last seen | Copy number | Koha item type |
|---|---|---|---|---|---|---|---|---|---|---|---|---|---|---|---|
| Dewey Decimal Classification | Added to bundle | Fiction | Central Library, University of Rajshahi | Central Library, University of Rajshahi | Reading Room | 27/09/1956 | Allies book cor. | 2.00 | 824.08 BOO 1954 | 08/03/2014 | C-1 | Books | |||
| Dewey Decimal Classification | Central Library, University of Rajshahi | Central Library, University of Rajshahi | 10/09/1968 | Zeitlinger | 8.60 | 824.08 BOO 1951 | 09/03/2014 | C-20 | Books | ||||||
| Dewey Decimal Classification | Non-fiction | Central Library, University of Rajshahi | Central Library, University of Rajshahi | 09/02/1963 | Zetlinger | 5.00 | 824.08 BOO 1954 | 11/03/2014 | C-5 | Books | |||||
| Dewey Decimal Classification | Fiction | Central Library, University of Rajshahi | Central Library, University of Rajshahi | 10/09/1968 | Zeetlinger | 8.00 | 824.08 BOO 1954 | 16/02/2017 | C-2 | Books | |||||
| Dewey Decimal Classification | Non-fiction | Central Library, University of Rajshahi | Central Library, University of Rajshahi | General Stacks | 21/06/2025 | 824.08 BOO 1954 | 21/06/2025 | C-3 | Books | ||||||
| Dewey Decimal Classification | Not For Loan | Non-fiction | Central Library, University of Rajshahi | Central Library, University of Rajshahi | Reading Room | 21/06/2025 | 824.08 BOO 1954 | 21/06/2025 | C-1 | Books |